Analytical studies on accounting & finance, corporate management and Indian economy / (Record no. 85928)

MARC details
000 -LEADER
fixed length control field 00681nam a22002057a 4500
005 - DATE AND TIME OF LATEST TRANSACTION
control field 20140820162257.0
010 ## - LCCN (DPL NO)
LC control number ENG-110307
020 ## - INTERNATIONAL STANDARD BOOK NUMBER
International Standard Book Number 9878172113238
Terms of availability 900.00
020 ## - INTERNATIONAL STANDARD BOOK NUMBER
International Standard Book Number 8172113234
Terms of availability 900.00
035 ## - SYSTEM CONTROL NUMBER
System control number EN-93839
037 ## - SOURCE OF ACQUISITION
Source of stock number/acquisition DBAD/PUB
082 ## - DEWEY DECIMAL CLASSIFICATION NUMBER
Classification number 658.151
100 ## - MAIN ENTRY--PERSONAL NAME
Personal name Ghosh,P.K.
245 ## - TITLE STATEMENT
Title Analytical studies on accounting & finance, corporate management and Indian economy /
Statement of responsibility, etc by P.K. Ghosh
260 ## - PUBLICATION, DISTRIBUTION, ETC. (IMPRINT)
Place of publication, distribution, etc New Delhi
Name of publisher, distributor, etc Northern Book Centre
Date of publication, distribution, etc 2014
270 ## - ADDRESS
Address 4221/1 Ansari Road ,Darya Ganj
City New Delhi
Postal code 110002
300 ## - PHYSICAL DESCRIPTION
Extent xii,348p.
Dimensions 24cm(Hb)
500 ## - GENERAL NOTE
General note Includes bibliographical references and index
942 ## - ADDED ENTRY ELEMENTS (KOHA)
Source of classification or shelving scheme Dewey Decimal Classification
Item type English Books
Call number suffix GHO
Classification part 658.151
Holdings
Withdrawn status Lost status Not for loan Collection code Home library Current library Date acquired Source of acquisition Cost, normal purchase price Full call number Barcode Copy number Cost, replacement price Koha item type
    Not For Loan Non-fiction D.B.Act.Division D.B.Act.Division 01/07/2014 DBAD/PUB 900.00 58.151 GHO EN-93839 1 900.00 English Books

© Delhi Public Library
Hit Counter
free hit counter